01116cam a2200301 a 45000010008000000030004000080050017000120080041000290100017000700200015000870400018001020430012001200500021001320820025001531110039001782450122002172600038003393000041003775000090004185000032005086500063005406500054006036500030006576500034006877000019007217100036007407100038007763961014OSt20170201091109.0940616s1994 alua c l000 0 eng  a 94028550  a0892800348 aDLCcDLCdDLC an-usu--00aN6520b.M66 199400a709/.75/074761472202 aMontgomery Biennialn(2nd :d1994)10aChiaroscuro :ba contemporary study of light and dark : an exhibition /ccurated by Jane Kessler and Curators' Forum. aMontgomery :bThe Museum,cc1994. a1v. (unpaged) :bcol. ill. ;c28 cm. a"Montgomery Museum of Fine Arts, Montgomery, Alabama, September 18-October 30, 1994." a"Montgomery 1994 biennial." 0aArt, AmericanzSouthern Statesy20th centuryvExhibitions. 0aRegionalism in artzSouthern StatesvExhibitions. 0aChiaroscurovExhibitions. 0aArt and societyvExhibitions.1 aKessler, Jane.2 aMontgomery Museum of Fine Arts.2 aCurators' Forum (Charlotte, N.C.)